| 000 | 00954nam a22002657a 4500 | ||
|---|---|---|---|
| 005 | 20240530110351.0 | ||
| 008 | 141222s2007 le g b 000 0 ara d | ||
| 020 | _a9953476764 | ||
| 040 | _aEG-CaGPL | ||
| 041 | 0 | _aara | |
| 082 | 0 | 4 |
_221 _a210.901\ _bم م |
| 100 | 0 | _aمنصف الجزار | |
| 245 | 1 | 2 |
_aالمخيال العربى فى الاحاديث المنسوبة الى الرسول / _cمنصف الجزار |
| 250 | _aط1 | ||
| 260 |
_aبيروت : _bمؤسسة الانتشار العربى ، _c2007 |
||
| 300 |
_a656 ص ؛ _c24 سم |
||
| 504 | _aببليوجرافية : ص 632 - 646 | ||
| 650 | 0 | 4 |
_aالحديث _xالناسخ و المنسوخ |
| 650 | 0 | 4 |
_aالحديث _xالجرح والتعديل |
| 650 | 0 | 4 |
_aالحديث _xفترة النبوة |
| 650 | 0 | 4 |
_aالحديث _xالاسناد الضعيف |
| 650 | 0 | 4 | _aعلم دراية الحديث |
| 942 |
_2ddc _cBK |
||
| 999 |
_c60062 _d60062 |
||